|
|
|
|
| LEADER |
00000cam a22000004a 4500 |
| 001 |
musev2_44916 |
| 003 |
MdBmJHUP |
| 005 |
20230905044711.0 |
| 006 |
m o d |
| 007 |
cr||||||||nn|n |
| 008 |
160219s2016 nyu o 00 0 eng d |
| 020 |
|
|
|a 9781438459752
|
| 020 |
|
|
|z 9781438459738
|
| 035 |
|
|
|a (OCoLC)939963022
|
| 040 |
|
|
|a MdBmJHUP
|c MdBmJHUP
|
| 100 |
1 |
|
|a Kowal, Donna M.,
|d 1967-
|e author.
|
| 245 |
1 |
0 |
|a Tongue of Fire :
|b Emma Goldman, Public Womanhood, and the Sex Question /
|c Donna M. Kowal.
|
| 264 |
|
1 |
|a Albany :
|b State University of New York Press,
|c [2016]
|
| 264 |
|
3 |
|a Baltimore, Md. :
|b Project MUSE,
|c 2016
|
| 264 |
|
4 |
|c ©[2016]
|
| 300 |
|
|
|a 1 online resource (222 pages).
|
| 336 |
|
|
|a text
|b txt
|2 rdacontent
|
| 337 |
|
|
|a computer
|b c
|2 rdamedia
|
| 338 |
|
|
|a online resource
|b cr
|2 rdacarrier
|
| 505 |
0 |
|
|a List of illustrations -- Acknowledgments -- Introduction -- Anarchist women and the "sex question" -- Bodies that love : Emma Goldman's sexual revolution -- Sex, labor, and the public sphere -- "Tongue of fire" : a radical subjectivity -- Framing the "high priestess of anarchy" -- Conclusion -- Notes -- Selected bibliography -- Index.
|
| 520 |
|
|
|a Examines the influence of the notorious American anarchist "Red Emma" on the shifting social geography of sex and gender at the turn of the twentieth century.
|
| 588 |
|
|
|a Description based on print version record.
|
| 600 |
1 |
7 |
|a Goldman, Emma,
|d 1869-1940.
|2 fast
|0 (OCoLC)fst00011710
|
| 600 |
1 |
0 |
|a Goldman, Emma,
|d 1869-1940.
|
| 650 |
|
7 |
|a Women and socialism.
|2 fast
|0 (OCoLC)fst01177112
|
| 650 |
|
7 |
|a Women anarchists.
|2 fast
|0 (OCoLC)fst01177077
|
| 650 |
|
7 |
|a Jewish anarchists.
|2 fast
|0 (OCoLC)fst00982639
|
| 650 |
|
7 |
|a Feminists.
|2 fast
|0 (OCoLC)fst00922831
|
| 650 |
|
7 |
|a POLITICAL SCIENCE
|x Political Ideologies
|x Communism & Socialism.
|2 bisacsh
|
| 650 |
|
7 |
|a BIOGRAPHY & AUTOBIOGRAPHY
|x General.
|2 bisacsh
|
| 650 |
|
6 |
|a Femmes et socialisme.
|
| 650 |
|
6 |
|a Feministes
|z États-Unis
|v Biographies.
|
| 650 |
|
6 |
|a Anarchistes juifs
|z États-Unis
|v Biographies.
|
| 650 |
|
6 |
|a Femmes anarchistes
|z États-Unis
|v Biographies.
|
| 650 |
|
0 |
|a Women and socialism.
|
| 650 |
|
0 |
|a Feminists
|z United States
|v Biography.
|
| 650 |
|
0 |
|a Jewish anarchists
|z United States
|v Biography.
|
| 650 |
|
0 |
|a Women anarchists
|z United States
|v Biography.
|
| 651 |
|
7 |
|a United States.
|2 fast
|0 (OCoLC)fst01204155
|
| 655 |
|
7 |
|a Biographies.
|2 fast
|0 (OCoLC)fst01919896
|
| 655 |
|
7 |
|a Electronic books.
|2 local
|
| 710 |
2 |
|
|a Project Muse.
|e distributor
|
| 830 |
|
0 |
|a Book collections on Project MUSE.
|
| 856 |
4 |
0 |
|z Texto completo
|u https://projectmuse.uam.elogim.com/book/44916/
|
| 945 |
|
|
|a Project MUSE - Custom Collection
|
| 945 |
|
|
|a Project MUSE - 2016 Complete
|
| 945 |
|
|
|a Project MUSE - 2016 Global Cultural Studies
|